[Event "III. World-ch for Disabled 2017"]
[Site "Dresden"]
[Date "2017.10.10"]
[Round "6.3"]
[White "Miozga, Tomasz"]
[Black "Scerbin, Dmitrij"]
[Result "0-1"]
[WhiteElo "2023"]
[BlackElo "2312"]
[Annotator "NA"]
[PlyCount "182"]
[EventDate "2017.??.??"]
[EventType "swiss"]
[EventCountry "GER"]
[SourceTitle "playchess.com"]
[Source "ChessBase"]
[SourceQuality "1"]
[TimeControl "40/5400+30:1800+30"]

{[%evp 8,176,69,61,47,60,55,54,58,54,59,57,49,45,52,39,37,20,56,55,67,59,85,68,97,54,79,71,76,72,66,56,77,84,104,45,45,13,11,16,16,5,15,7,14,0,0,0,0,0,7,0,10,9,14,14,20,8,32767,32767,32767,32767,10,23,8,2,13,8,8,0,10,10,13,32767,32767,32767,32767,32767,32767,32767,32767,12,4,0,8,10,6,-34,-24,32767,32767,32767,32767,32767,32767,32767,32767,32767,32767,32767,32767,32767,32767,32767,32767,32767,32767,32767,32767,32767,32767,32767,-36,32767,32767,32767,-23,32767,32767,32767,32767,32767,32767,-30,32767,-30,32767,32767,32767,-23,32767,-18,0,0,32767,0,32767,32767,32767,32767,0,0,32767,32767,32767,32767,32767,32767,32767,32767,32767,32767,32767,32767,32767,32767,0,32767,32767,32767,32767,32767,0,32767,32767,32767,32767,32767,0,32767,0]} 1. d4 {[%emt 1:30:27]} c5 {[%emt 1:30:22]} 2. d5 {[%emt 1:30:52]} e5 {[%emt 1:30:44]} 3. c4 {[%emt 1:31:00]} d6 {[%emt 1:30:59]} 4. e4 {[%emt 1:26:15]} Be7 {[%emt 1:30:29]} 5. Bd3 {[%emt 1:25:37] LiveBook: 14 Games} Bg5 {[%emt 1:30:08]} 6. Nc3 {[%emt 1:18:14]} Bxc1 {[%emt 1:28:17] A44: Semi-Benoni} (6... h6 7. Nge2 Ne7 8. O-O Ng6 9. Ng3 Bxc1 10. Rxc1 Nf4 11. Nce2 Qg5 12. f3 Nd7 13. Kh1 O-O 14. Qd2 Nxd3 15. Qxd3 {0-1 (42) Lahlum,H (2131)-Martinovic,S (2570) Helsingor 2017}) 7. Qxc1 {[%emt 1:18:40]} Ne7 {[%emt 1:27:06]} 8. Nge2 {[%emt 1:16:07]} O-O {[%emt 1:21:59]} 9. O-O {[%emt 1:05:13]} Ng6 {[%emt 1:20:26]} 10. Qe3 {[%emt 1:03:32]} Nd7 {[%emt 1:13:13]} 11. a3 {[%emt 0:50:20]} Nf6 {[%emt 1:12:59]} 12. f3 $146 {[%emt 0:39:08]} ({Predecessor:} 12. b4 b6 13. f3 {1-0 (48) Manakova,M (2345)-Kovacevic,R (2075) Budva 2002}) 12... Nh5 {[%emt 1:10:42]} 13. g3 {[%emt 0:26:43]} Nf6 {[%emt 1:07:26]} 14. b4 {[%emt 0:25:01]} Nd7 {[%emt 1:05:55]} 15. Rfb1 {[%emt 0:23:02]} Qe7 {[%emt 0:55:31]} 16. Nc1 {[%emt 0:22:24]} b6 {[%emt 0:46:00]} 17. Nb3 {[%emt 0:22:26]} h6 {[%emt 0:45:11]} 18. Nd2 {[%emt 0:22:31]} Nf6 {[%emt 0:32:08]} 19. a4 {[%emt 0:21:33]} Bd7 {[%emt 0:27:50]} 20. a5 {[%emt 0:20:18]} Rfb8 {[%emt 0:25:05]} 21. axb6 {[%emt 0:17:23]} axb6 {[%emt 0:25:19]} 22. Nb5 {[%emt 0:13:25]} Rxa1 {[%emt 0:21:13]} 23. Rxa1 {[%emt 0:13:39]} Bxb5 {[%emt 0:21:41]} 24. cxb5 {[%emt 0:13:54]} cxb4 {[%emt 0:22:02]} 25. Nc4 {[%emt 0:14:00]} Qc7 {[%emt 0:21:23]} 26. Ra4 {[%emt 0:12:22]} Nd7 {[%emt 0:20:52]} 27. Rxb4 {[%emt 0:12:47]} Ra8 {[%emt 0:20:54]} 28. Rb1 {[%emt 0:12:45]} Ra2 {[%emt 0:12:45]} 29. Bf1 {[%emt 0:12:34]} Nc5 {[%emt 0:18:18]} 30. Qc1 {[%emt 0:07:42]} Nf8 {[%emt 0:12:21]} 31. Qe1 {[%emt 0:05:41]} Nfd7 {[%emt 0:05:41]} 32. Ra1 {[%emt 0:05:33]} Rxa1 {[%emt 0:07:41]} 33. Qxa1 {[%emt 0:05:59]} Qb8 {[%emt 0:07:21]} 34. Qa3 {[%emt 0:05:39]} g6 {[%emt 0:05:45]} 35. Bh3 {[%emt 0:05:57]} Nf6 {[%emt 0:06:05]} 36. Qa1 {[%emt 0:04:48]} Nh7 {[%emt 0:06:04]} 37. Bg2 {[%emt 0:04:41]} Nf8 {[%emt 0:04:03]} 38. Bh3 {[%emt 0:04:33]} Kg7 {[%emt 0:02:32]} 39. Qa3 {[%emt 0:02:30]} Nh7 {[%emt 0:02:32]} 40. Bg2 {[%emt 0:02:00]} Nf6 {[%emt 0:01:53]} 41. Qa1 {[%emt 0:02:02]} Nfd7 {[%emt 0:01:42]} 42. Bh3 {[%emt 0:02:20]} Nf8 {[%emt 0:02:20]} 43. Qa3 {[%emt 0:02:21]} h5 {[%emt 0:29:31]} 44. Qe3 {[%emt 0:27:37]} Qc7 {[%emt 0:26:21]} 45. Bf1 {[%emt 0:27:59]} Nfd7 {[%emt 0:23:58]} 46. Qa3 {[%emt 0:21:59]} Qb8 {[%emt 0:21:25]} 47. Qa1 {[%emt 0:21:44]} Nb3 {[%emt 0:18:31]} 48. Qa6 {[%emt 0:10:08]} Qc7 {[%emt 0:16:56]} 49. Kg2 {[%emt 0:09:15]} Nd4 {[%emt 0:16:31]} 50. Bd3 {[%emt 0:07:54]} Nc5 {[%emt 0:15:44]} 51. Qa3 {[%emt 0:08:00]} Nxb5 {[%emt 0:15:06]} 52. Qb4 {[%emt 0:07:23]} Nd4 {[%emt 0:15:17]} 53. Bf1 {[%emt 0:07:40]} b5 {[%emt 0:07:40]} 54. Na3 {[%emt 0:05:31]} Na6 {[%emt 0:05:35]} 55. Qb2 {[%emt 0:05:17]} b4 {[%emt 0:05:27]} 56. Bxa6 {[%emt 0:02:20]} Qa5 {[%emt 0:04:59]} 57. Nc4 {[%emt 0:02:33]} Qxa6 {[%emt 0:05:25]} 58. Qxb4 {[%emt 0:02:54]} Qa2+ {[%emt 0:05:52]} 59. Nb2 {[%emt 0:01:44] [#]} Nc2 {[%emt 0:05:00]} ({Black should play} 59... h4 $1 $19 {[%cal Rh4h3][%mdl 512]} 60. Qd2 {[#]} (60. gxh4 Ne2) 60... h3+ $1 {[%mdl 512]} 61. Kxh3 Nxf3) 60. Qc3 {[%emt 0:05:00]} Qb1 {[%emt 0:05:09]} 61. Nc4 {[%emt 0:00:55]} Nd4 {[%emt 0:03:50]} 62. Qd2 {[%emt 0:00:18]} Qb3 {[%emt 0:03:38]} 63. Ne3 {[%emt 0:00:15]} Qa3 {[%emt 0:00:15]} 64. Qf2 {[%emt 0:00:08]} Qc5 {[%emt 0:02:56]} 65. h4 {[%emt 0:00:12]} Qc1 {[%emt 0:03:11]} 66. Nf1 {[%emt 0:00:05]} Qc4 {[%emt 0:00:05]} 67. Ne3 {[%emt 0:00:30]} Qd3 {[%emt 0:03:11]} 68. Nf1 {[%emt 0:00:31]} f5 {[%emt 0:03:17]} 69. Qe3 {[%emt 0:00:19]} fxe4 {[%emt 0:03:31]} 70. fxe4 {[%emt 0:00:07]} Qc2+ {[%emt 0:03:22]} 71. Kh1 {[%emt 0:03:22]} Qd1 {[%emt 0:02:53]} 72. Kg2 {[%emt 0:00:03]} Qg4 {[%emt 0:03:09]} 73. Nh2 {[%emt 0:00:04]} Qd1 {[%emt 0:03:08]} 74. Nf1 {[%emt 0:00:04]} Qc2+ {[%emt 0:03:04]} 75. Kh1 {[%emt 0:00:22]} Nb3 {[%emt 0:02:59]} 76. Qa7+ {[%emt 0:00:17]} Kf6 {[%emt 0:03:11]} 77. Qe3 {[%emt 0:00:24]} Nd4 {[%emt 0:03:18]} 78. Kg1 {[%emt 0:00:18]} Qd1 {[%emt 0:00:18]} 79. Qf2+ {[%emt 0:03:16]} Kg7 {[%emt 0:03:31]} 80. Qe3 {[%emt 0:00:32]} Nf3+ {[%emt 0:03:00]} 81. Kf2 {[%emt 0:00:53]} Nd4 {[%emt 0:02:37]} 82. Kg1 {[%emt 0:01:09]} Qg4 {[%emt 0:01:23]} 83. Nh2 {[%emt 0:01:00]} Qh3 {[%emt 0:01:39]} 84. Nf1 {[%emt 0:00:55]} Qd7 {[%emt 0:01:43]} 85. Kg2 {[%emt 0:01:43]} Qb5 {[%emt 0:01:47]} 86. Kg1 {[%emt 0:00:11]} Qa6 {[%emt 0:01:52]} 87. Kg2 {[%emt 0:00:19]} Qa2+ {[%emt 0:00:19]} 88. Kh1 {[%emt 0:00:04]} Qb1 $11 {[%emt 0:01:31]} 89. Kg2 {[%emt 0:00:17]} Qd1 {[%emt 0:01:43]} 90. Kg1 {[%emt 0:00:30]} Qc2 {[%emt 0:01:38]} 91. Nd2 {[%emt 0:00:13]} Qxd2 {[%emt 0:02:04]} 0-1

[Event "III. World-ch for Disabled 2017"]
[Site "Dresden"]
[Date "2017.10.10"]
[Round "6.4"]
[White "Kozhamuratov, Marat"]
[Black "Suder, Ryszard"]
[Result "1/2-1/2"]
[WhiteElo "1784"]
[BlackElo "2061"]
[Annotator "NA RC"]
[PlyCount "60"]
[EventDate "2017.??.??"]
[EventType "swiss"]
[EventCountry "GER"]
[SourceTitle "playchess.com"]
[Source "ChessBase"]
[SourceQuality "1"]
[TimeControl "40/5400+30:1800+30"]

{[%evp 8,57,36,18,22,32767,18,13,20,14,18,8,0,0,23,34,12,29,22,23,19,12,8,18,20,20,29,12,14,0,0,14,3,0,0,0,12,-23,-10,-50,-52,-75,-27,-31,0,-76,0,-35,0,-79,0,-287]} 1. d4 {[%emt 1:29:42]} Nf6 {[%emt 1:29:42]} 2. Nf3 {[%emt 1:29:27]} g6 {[%emt 1:30:31]} 3. c4 {[%emt 1:28:57]} Bg7 {[%emt 1:30:45]} 4. Nc3 {[%emt 1:30:45]} d5 {[%emt 1:30:54]} 5. Bg5 {[%emt 1:28:20]} Ne4 {[%emt 1:28:20]} 6. Bf4 {[%emt 1:25:49]} Nxc3 {[%emt 1:28:57]} 7. bxc3 {[%emt 1:23:36]} O-O {[%emt 1:21:18]} 8. e3 {[%emt 1:22:58]} c5 {[%emt 1:22:58]} 9. Be2 {[%emt 1:22:36]} dxc4 {[%emt 1:18:38]} 10. Bxc4 {[%emt 1:21:06]} Nc6 {[%emt 1:18:40]} 11. O-O {[%emt 1:18:40]} cxd4 {[%emt 1:15:35]} 12. cxd4 {[%emt 1:17:29]} Bf5 {[%emt 1:14:34]} 13. Rc1 {[%emt 1:14:34]} Rc8 {[%emt 1:08:46]} 14. Qe2 {[%emt 1:15:09] LiveBook: 10 Games} Na5 {[%emt 0:59:05] D13: Slav Defence: Exchange variation without ...Bf5} (14... e6 15. Qb2 Qe7 16. h3 Be4 17. Rfd1 Bxf3 18. gxf3 Rfd8 19. Bf1 h5 20. Qb5 e5 21. dxe5 Rxd1 22. Rxd1 Bxe5 23. Bxe5 Nxe5 24. Bg2 {½-½ (24) Maksimenko,A (2547)-Ernst,S (2554) Germany 2013}) 15. Bd3 {[%emt 0:59:05]} Bxd3 {[%emt 0:57:08]} 16. Qxd3 {[%emt 1:13:23]} Qd7 {[%emt 0:56:41]} 17. h3 $146 {[%emt 1:08:35]} ({Predecessor:} 17. Rc3 b5 18. Rfc1 Rc4 19. Nd2 e5 20. Bg3 exd4 21. Nxc4 bxc4 22. Qd2 {0-1 (55) Udani,I (2272)-Villamayor,B (2453) Penang 2016}) 17... Rfd8 {[%emt 0:53:34]} 18. Qe4 {[%emt 1:06:06]} b6 {[%emt 1:06:06]} 19. Bg5 {[%emt 0:48:29]} f6 {[%emt 0:47:24]} 20. Bf4 {[%emt 1:04:59]} e6 {[%emt 0:46:53]} 21. Qd3 {[%emt 1:03:59]} b5 {[%emt 0:43:31]} 22. Rc3 {[%emt 0:56:05]} Nc4 {[%emt 0:34:00]} 23. Qc2 {[%emt 0:34:00]} Bf8 {[%emt 0:33:01]} 24. Qb3 $1 {[%emt 0:53:14] [#]} Na5 {[%emt 0:32:13]} (24... a5 $1 $17) 25. Qb2 {[%emt 0:52:30]} Nc4 {[%emt 0:29:57]} 26. Qb3 {[%emt 0:29:57]} Na5 {[%emt 0:52:17]} 27. Qb2 {[%emt 0:52:30]} Nc4 {[%emt 0:27:10]} 28. Qb3 {[%emt 0:27:10] [#]} Ra8 {[%emt 0:27:10]} 29. Bc7 $19 {[%emt 0:27:10] Qd8 0:27:10 Rh1+ 0:27:10} (29. a4 $11 {und Weiss muss sich keine Sorgen machen.}) 29... Z0 {[%emt 0:27:10] Ng1+ 0:27:10 --- 0:27:10} 30. Qd1 {[%emt 0:27:10]} Z0 {[%emt 0:27:10] Bd7+ 0:27:10} 1/2-1/2

[Event "III. World-ch for Disabled 2017"]
[Site "Dresden"]
[Date "2017.10.13"]
[Round "7.1"]
[White "Scerbin, Dmitrij"]
[Black "Uzialko, Marek"]
[Result "1-0"]
[WhiteElo "2312"]
[BlackElo "2043"]
[Annotator "TA"]
[PlyCount "24"]
[EventDate "2017.??.??"]
[EventType "swiss"]
[EventCountry "GER"]
[SourceTitle "playchess.com"]
[Source "ChessBase"]
[SourceQuality "1"]

{[%evp 11,24,44,58,19,32,1,96,26,113,113,153,142,403,404,397]} 1. e4 d6 2. d4 Nf6 3. Nc3 c6 4. f4 g6 5. Nf3 Bg7 6. Be2 O-O {LiveBook: 13 Games} 7. e5 {B09: Pirc Defence: Austrian Attack} Nd5 8. Ne4 f5 $146 {[#]} (8... c5 $11) ({Predecessor:} 8... f6 9. c4 Nc7 10. Qb3 Nba6 11. O-O Rb8 12. Be3 Be6 13. exd6 exd6 14. Qa3 d5 {1-0 (38) Van de Oudeweetering,A (2368)-Carlier,B (2398) Netherlands 2007}) 9. Nf2 (9. Nc3 $1 $16) 9... h6 (9... c5 $11) 10. h4 $16 h5 11. Ng5 Nc7 $2 {[%mdl 8192] [#]} (11... Bh6 $16 12. O-O Bxg5 13. hxg5 Nc7) 12. Bxh5 $1 $18 {[%mdl 512]} Qe8 {Precision: White = 50%, Black =  9%.} (12... gxh5 13. Qxh5) 1-0

[Event "III. World-ch for Disabled 2017"]
[Site "Dresden"]
[Date "2017.10.13"]
[Round "7.2"]
[White "Lipilin, Ilia"]
[Black "Checiak, Krzysztof"]
[Result "1-0"]
[WhiteElo "1883"]
[BlackElo "2049"]
[Annotator "NA"]
[PlyCount "130"]
[EventDate "2017.??.??"]
[EventType "swiss"]
[EventCountry "GER"]
[SourceTitle "playchess.com"]
[Source "ChessBase"]
[SourceQuality "1"]
[TimeControl "40/5400+30:1800+30"]

{[%evp 8,123,41,41,43,42,39,38,72,73,80,73,85,77,69,61,86,28,37,20,42,30,72,58,75,41,49,32,49,20,16,8,24,-57,-50,-70,-32,-41,-6,0,98,55,37,46,57,52,44,50,75,68,70,44,109,55,86,95,117,118,114,94,79,0,58,54,78,6,46,0,68,0,2,0,0,-70,-60,-59,39,-43,0,-122,-177,-193,414,463,414,395,805,458,489,477,464,533,508,564,596,466,587,461,615,586,662,777,871,1053,823,929,1386,1869,1859,1970,2436,3139,3437,8940,12843,12843,12845,29990]} 1. c4 {[%emt 1:30:24]} g6 {[%emt 1:27:12]} 2. Nc3 {[%emt 1:30:41]} Bg7 {[%emt 1:27:23]} 3. d4 {[%emt 1:30:34]} Nf6 {[%emt 1:27:23]} 4. e4 {[%emt 1:30:50]} d6 {[%emt 1:27:47]} 5. f3 {[%emt 1:27:47]} O-O {[%emt 1:27:29]} 6. Bg5 {[%emt 1:31:09]} h6 {[%emt 1:20:38] LiveBook: 114 Games} 7. Be3 {[%emt 1:31:20]} Nbd7 {[%emt 1:18:58]} 8. Nh3 {[%emt 1:29:58] E81: King's Indian: Sämisch: 6th move deviations (including 6 Be3 c6)} c6 {[%emt 1:29:58]} 9. Qd2 {[%emt 1:29:35]} Kh7 {[%emt 1:18:44]} 10. Nf2 {[%emt 1:28:55]} a6 {[%emt 1:18:11]} 11. Be2 {[%emt 1:28:17]} b5 {[%emt 1:18:20]} 12. cxb5 {[%emt 1:27:53]} (12. O-O $16 bxc4 13. Bxc4 Nb6 14. Bd3 a5 15. Qe2 Nfd7 16. f4 {1-0 (44) Yakovich,Y (2585)-Inarkiev,E (2602) Moscow 2005}) 12... axb5 {[%emt 1:17:54]} 13. O-O $146 {[%emt 1:27:29]} ({Predecessor:} 13. Nd3 Nb6 14. b3 Be6 15. O-O Nc8 16. Nb4 Bd7 17. e5 {1-0 (31) Bury,T (1803)-Fork,R (1897) Germany 2008}) 13... Bb7 {[%emt 1:14:05]} 14. a3 {[%emt 1:24:14]} Qa5 {[%emt 1:11:04]} 15. b4 {[%emt 1:11:04]} Qd8 {[%emt 1:10:55]} 16. Nd3 {[%emt 1:12:55]} Nb6 {[%emt 1:11:05]} 17. Nb2 {[%emt 1:11:05]} Nfd7 {[%emt 1:04:46]} 18. Kh1 {[%emt 1:04:46]} e6 {[%emt 1:04:05]} 19. Rfd1 {[%emt 0:59:41]} Qf6 {[%emt 0:59:41]} 20. e5 {[%emt 0:39:18]} (20. Kg1 $11) 20... dxe5 {[%emt 0:56:31]} 21. Ne4 {[%emt 0:39:22]} Qe7 {[%emt 0:39:22]} 22. dxe5 {[%emt 0:37:08]} Nd5 {[%emt 0:47:45]} 23. f4 {[%emt 0:34:37]} Rfb8 {[%emt 0:40:09]} (23... f6 $11 24. Nd3 Nxe3 25. Qxe3 fxe5 26. fxe5 Nxe5) 24. Bc5 {[%emt 0:29:10]} Nxc5 {[%emt 0:36:57]} 25. Nxc5 {[%emt 0:29:08]} Bc8 {[%emt 0:36:41]} 26. Bf3 {[%emt 0:28:14]} Ra7 {[%emt 0:36:19]} 27. Nb3 {[%emt 0:22:41]} f6 {[%emt 0:34:16]} 28. Nd3 {[%emt 0:34:16]} fxe5 {[%emt 0:31:15]} 29. fxe5 {[%emt 0:22:02]} Rd7 {[%emt 0:30:09]} (29... Rba8 $14) 30. Na5 {[%emt 0:15:49]} (30. Nd4 $16 Rc7 31. Re1) 30... Rb6 {[%emt 0:15:49]} 31. Rac1 {[%emt 0:11:33]} Rc7 {[%emt 0:26:59]} 32. Qf2 {[%emt 0:26:59]} Ra6 $1 $11 {[%emt 0:26:32]} 33. Nc5 {[%emt 0:06:41]} Ra8 {[%emt 0:24:43]} 34. Nd3 {[%emt 0:24:43]} (34. Qg3 $16) 34... Bd7 {[%emt 0:24:22]} 35. Be4 {[%emt 0:03:20]} Qg5 $1 {[%emt 0:23:19]} 36. Nc5 {[%emt 0:01:59]} (36. h4 $14 Qe3 37. Qxe3 Nxe3 38. Re1) 36... Bc8 {[%emt 0:21:19]} 37. Nd3 {[%emt 0:01:03]} Bd7 {[%emt 0:20:07]} 38. Nc5 {[%emt 0:20:07]} Rf8 {[%emt 0:19:53]} 39. Qe2 {[%emt 0:19:53]} Bxe5 {[%emt 0:16:52]} 40. Nxd7 {[%emt 0:16:52]} (40. Na6 $11) 40... Rxd7 {[%emt 0:16:56]} 41. Nxc6 {[%emt 0:25:03]} Bf4 {[%emt 0:45:27]} ({Black should play} 41... Bg7 $1 $15 42. Qd3 (42. Qxb5 $2 Nc3 $19) 42... Rff7) 42. Rc2 {[%emt 0:22:04]} (42. Nd4 $1 $14 Qf6 43. Rc6 (43. Qxb5 Rff7 $19)) 42... Rdf7 {[%emt 0:43:36]} 43. Bxd5 {[%emt 0:21:38]} (43. Nd4 $11 {remains equal.} Bxh2 44. Kxh2 (44. Nxe6 Qh4 $15)) 43... exd5 {[%emt 0:43:40]} 44. Nd4 {[%emt 0:21:28] [#]} ({Don't blunder} 44. Qxb5 $2 {[#]} Bxh2 $1 {[%mdl 512]} 45. g4 Bg3 $19) 44... Re7 $4 {[%emt 0:39:23]} ({Not} 44... Qh4 45. Nf3 $16) (44... Bxh2 $1 $19 {[%mdl 512] and all is fine.} 45. Ne6 {[#]} (45. Kxh2 $2 Rf2 $19) 45... Qh4 $1 {[%mdl 512]} 46. Nxf8+ Rxf8) 45. Ne6 {[%emt 0:17:58]} Rxe6 {[%emt 0:37:21]} 46. Qxe6 {[%emt 0:18:07]} Bxh2 {[%emt 0:36:54]} (46... Qh5 $142 47. g4 Qh3 48. Qxd5 Kg7) 47. Qd7+ {[%emt 0:13:03]} Kg8 {[%emt 0:13:03]} 48. Qxd5+ {[%emt 0:35:45]} Qxd5 {[%emt 0:35:20]} 49. Rxd5 {[%emt 0:13:01]} Bg3 {[%emt 0:35:22]} 50. Rc1 {[%emt 0:13:03]} Rf4 {[%emt 0:13:03]} 51. Rd7 {[%emt 0:32:36]} Rf8 {[%emt 0:11:33]} 52. Rcd1 {[%emt 0:11:24]} Bh4 {[%emt 0:32:43]} 53. Rb7 {[%emt 0:11:41]} Rf5 {[%emt 0:32:33]} 54. Rc1 {[%emt 0:11:36]} Rf8 {[%emt 0:31:55]} 55. Rxb5 {[%emt 0:11:28]} h5 {[%emt 0:32:09]} 56. Rb7 {[%emt 0:11:43]} Bg3 {[%emt 0:32:08]} 57. a4 {[%emt 0:11:50]} Bf4 {[%emt 0:11:50]} 58. Rd1 {[%emt 0:12:05]} g5 {[%emt 0:32:25]} 59. a5 {[%emt 0:12:22]} g4 {[%emt 0:32:46]} 60. a6 {[%emt 0:32:46]} Be3 {[%emt 0:32:28]} 61. a7 {[%emt 0:12:41]} g3 {[%emt 0:32:38]} 62. b5 {[%emt 0:12:43]} h4 {[%emt 0:29:22]} 63. b6 {[%emt 0:12:44]} Bf4 {[%emt 0:29:31]} 64. Rbd7 {[%emt 0:12:55]} Bg5 {[%emt 0:28:35]} 65. b7 {[%emt 0:13:10]} Bd2 {[%emt 0:27:58]} 1-0

[Event "III. World-ch for Disabled 2017"]
[Site "Dresden"]
[Date "2017.10.13"]
[Round "7.3"]
[White "Palin, Denis"]
[Black "Stolarczyk, Adam"]
[Result "1-0"]
[WhiteElo "2172"]
[BlackElo "2130"]
[Annotator "TA"]
[PlyCount "69"]
[EventDate "2017.??.??"]
[EventType "swiss"]
[EventCountry "GER"]
[SourceTitle "playchess.com"]
[Source "ChessBase"]
[SourceQuality "1"]

{[%evp 18,69,0,-31,-7,-5,0,-7,0,0,-10,-41,-37,-62,-51,-66,-10,-55,0,0,0,-41,0,0,14,0,1,0,30,-15,37,0,35,18,33,37,62,18,19,33,62,62,67,19,115,134,155,150,161,134,141,108,1087,1062]} 1. d4 d5 2. Nf3 Nf6 3. g3 c6 4. Bg2 Bf5 5. O-O Nbd7 6. b3 h6 7. Bb2 e6 8. c4 Bd6 9. Nbd2 O-O 10. h3 {LiveBook: 3 Games. D11: Slav Defence: 3 Nf3 sidelines and 3...Nf6 4 e3 Bg4} (10. e3 Bd3 11. Re1 Qe7 12. Ne5 Bh7 13. Nxd7 Qxd7 14. e4 dxe4 15. Nxe4 Bxe4 16. Bxe4 Bb4 17. Re3 Nxe4 18. Rxe4 {0-1 (65) Riemersma,L (2452)-Van den Doel,E (2573) Amsterdam 2017}) 10... Ne4 11. Nxe4 Bxe4 12. Nd2 {The position is equal.} Bxg2 13. Kxg2 f5 14. c5 $146 ({Predecessor:} 14. e3 Nf6 15. Nf3 Qe8 16. Ne5 g5 17. f4 Bxe5 18. dxe5 {0-1 (29) Jozwik,J (2047)-Piotrowski,A (1976) Warsaw 2008}) 14... Bc7 15. f4 Nf6 16. b4 {[%cal Bb3b4,Bb4b5][%mdl 32]} Ne4 (16... a5 $15) 17. a4 {[#]} a6 (17... Nxg3 $1 $15 {[%mdl 512]} 18. Kxg3 Qg5+ 19. Kh2 Bxf4+ 20. Rxf4 Qxf4+ 21. Kh1 e5 22. dxe5 Qxb4) 18. Nxe4 $11 fxe4 19. Qb3 Qe7 20. b5 Rab8 21. Bc3 h5 22. Bd2 Qd7 23. Rab1 (23. b6 $5 {[%cal Rb6c7]} Bd8 24. Qd1 $14) 23... Rfc8 ({Better is} 23... axb5 $11 24. axb5 b6) 24. Rfc1 Kh7 25. e3 Kg6 26. Qd1 Kh6 27. Qe2 axb5 28. axb5 Bd8 29. g4 $36 {[%mdl 2048] Black is under pressure.} g6 30. Rb2 b6 (30... Ra8 $11) 31. bxc6 $16 Rxc6 32. Rcb1 Qa7 33. Qb5 Rbc8 {[%cal Rb6c5] [#]} 34. Qf1 $1 ({But not} 34. cxb6 $6 Bxb6 35. Qe2 Qc7 $14) 34... bxc5 $2 {[%mdl 8192]} (34... Ra8 $16) 35. g5+ {Precision: White = 27%, Black = 26%.} 1-0

[Event "III. World-ch for Disabled 2017"]
[Site "Dresden"]
[Date "2017.10.13"]
[Round "7.4"]
[White "Strzelecki, Jerzy"]
[Black "Bagi, Mate"]
[Result "0-1"]
[WhiteElo "1993"]
[BlackElo "2446"]
[Annotator "TA"]
[PlyCount "126"]
[EventDate "2017.??.??"]
[EventType "swiss"]
[EventCountry "GER"]
[SourceTitle "playchess.com"]
[Source "ChessBase"]
[SourceQuality "1"]

{[%evp 9,126,0,0,-65,-37,-48,-23,-43,-31,-31,-28,-52,-15,-29,-20,-55,-35,-55,-32,-30,-15,-74,-25,-31,-22,-26,-7,-34,-30,-39,-18,-54,-51,-63,-69,-67,-49,-70,-58,-78,-77,-73,-81,-82,-85,-100,-58,-97,-59,-84,-15,-85,-23,-87,-39,-33,-36,-35,-37,-54,-24,-42,-41,-43,-31,-37,3,0,0,0,0,0,12,0,0,0,0,0,0,0,0,0,0,0,0,0,0,0,512,507,439,338,411,398,835,649,535,0,0,0,134,-29973,-4631,-29985,-29986,-29986,-29987,-29988,-29989,-29989,-29990,-29990,-29990,-29990,-29991,-29993,-29992,-29992,-29991]} 1. Nf3 d5 2. c4 d4 3. b4 f6 4. d3 e5 5. a3 a5 {LiveBook: 11 Games} 6. bxa5 {A09: Réti Opening: 1 Nf3 d5 2 c4} (6. b5 $11) (6. b5 Ne7 7. e3 dxe3 8. fxe3 Nf5 9. g4 Nd6 10. Rg1 Be6 11. Qc2 Nd7 12. d4 {½-½ (33) Ding,L (2777)-Giri,A (2772) Wenzhou 2017}) 6... Rxa5 7. g3 Bd6 $146 ({Predecessor:} 7... Bd7 8. Nbd2 Ba4 9. Nb3 Ra6 10. Rb1 Nd7 11. Qd2 Qa8 12. Qa2 {0-1 (37) Pahor,A (2034)-Misanovic,V (2328) Rabac 2003}) 8. Bg2 {Black has an edge.} Ne7 9. O-O O-O 10. Nbd2 Nf5 11. Ne4 Be7 12. Bd2 Ra7 13. Qb3 Be6 14. Rfb1 Nd7 15. Bb4 (15. a4 $11) 15... b6 16. a4 Bxb4 17. Qxb4 Qe7 18. Ne1 Qxb4 19. Rxb4 Ne7 20. Nd2 Nc5 21. Nb3 Nxb3 22. Rxb3 Bd7 23. Rba3 Ra5 $1 24. Nc2 Bc6 25. Bxc6 Nxc6 26. Kg2 Rfa8 27. e3 Kf7 28. Kf3 f5 29. h4 h5 (29... dxe3 $17 30. Kxe3 h6) 30. R1a2 {[#]} (30. exd4 $11 {keeps the balance.} exd4 31. Kg2) 30... Kf6 (30... e4+ $1 $17 {[%mdl 512]} 31. Kg2 (31. dxe4 Ne5+) 31... Ne5 32. exd4 Nxd3) 31. Ra1 (31. exd4 $11 {remains equal.} exd4 32. Kg2) 31... Rd8 32. exd4 Nxd4+ 33. Nxd4 Rxd4 $15 {[%mdl 4096] Endgame KRR-KRR} 34. Rc1 Rd8 35. Ke3 Rda8 36. Rca1 R8a6 37. f4 c6 38. fxe5+ Rxe5+ 39. Kf3 Rea5 40. Rb3 Ke5 41. Rab1 Rxa4 42. Rxb6 Kd4 $1 43. Rxa6 Rxa6 $11 {KR-KR} 44. Rb7 Kxd3 45. Rxg7 Kxc4 46. Rg5 c5 47. Rxh5 Rf6 48. Rh8 Kc3 $2 {[%mdl 8192]} (48... Kb3 $11) 49. h5 $1 $18 c4 {[#]} 50. Kf4 $1 (50. h6 Rb6 $18) 50... Rf7 51. h6 Kc2 $2 (51... Rc7 52. Kxf5 (52. h7 Rb7 $14) 52... Kb3) 52. Rg8 ({Weaker is} 52. h7 c3 $11) 52... c3 {[#]} 53. Rg7 $2 (53. Kg5 $1 $18) 53... Rf8 $11 54. h7 {Hoping for Rg8.} Kd1 (54... Kb3 $11) 55. Rg8 $2 {[%mdl 8192] [#]} (55. Rd7+ $16 Kc1 56. Rf7) 55... c2 $1 {[%mdl 512]} 56. Rxf8 c1=Q+ {Black mates.} 57. Kxf5 {KQ-KR} Qc5+ 58. Kg6 Qxf8 59. g4 Ke2 60. g5 Kf3 61. h8=Q Qxh8 62. Kf7 Qh7+ 63. Kf6 Qg8 {Precision: White = 44%, Black = 36%.} 0-1